[Event "Sauerland Bezirksliga 0203"]
[Site "Sauerland"]
[Date "2003.03.02"]
[Round "6"]
[White "Dolgopolyj, Vladimir"]
[Black "Bialas, Rainer"]
[Result "0-1"]
[WhiteElo "1726"]
[BlackElo "1859"]
[PlyCount "96"]
[EventDate "2002.09.01"]
[EventType "team"]
[EventRounds "7"]
[EventCountry "GER"]
[SourceTitle "EXT 2007"]
[Source "ChessBase"]
[SourceDate "2006.11.23"]
[SourceVersion "1"]
[SourceVersionDate "2006.11.23"]
[SourceQuality "1"]
[WhiteTeam "Halver II"]
[BlackTeam "Neuenrade"]
[WhiteTeamCountry "GER"]
[BlackTeamCountry "GER"]

1. e4 Nf6 2. e5 Nd5 3. c4 Nb6 4. d4 d6 5. f4 dxe5 6. fxe5 Nc6 7. Be3 Bf5 8. Nc3 e6 9. Nf3 Nb4 10. Rc1 c5 11. a3 cxd4 12. Nxd4 Nc6 13. Nxc6 Qxd1+ 14. Rxd1 bxc6 15. Be2 Nd7 16. Bf4 a5 17. Bf3 Rc8 18. Ne4 Bxe4 19. Bxe4 Bc5 20. Rf1 h6 21. Rf3 Ke7 22. Rb3 Rc7 23. Rbd3 Nb6 24. Rc1 Nd7 25. Kd2 Rb8 26. Rc2 Bg1 27. Rd6 Rb6 28. Kc1 Nc5 29. Bf3 Nb3+ 30. Kb1 Bc5 31. Rc3 Rc8 32. Rd1 Rd8 33. Rxd8 Kxd8 34. Be3 Bxe3 35. Rxe3 Nd2+ 36. Kc2 Nxc4 37. Re1 c5 38. Bh5 g6 39. Bf3 Nxb2 40. Be2 Na4 41. Rd1+ Kc7 42. Rf1 Rb2+ 43. Kd3 c4+ 44. Ke3 c3 45. Rxf7+ Kb6 46. Rf1 Nc5 47. Rc1 c2 48. Bd3 Rb3 0-1